| 000 | 00494nam a22001697a 4500 | ||
|---|---|---|---|
| 003 | OSt | ||
| 005 | 20260223102512.0 | ||
| 008 | 250104b |||||||| |||| 00| 0 eng d | ||
| 020 | _a9780323795258 | ||
| 040 |
_aSRHU _bEnglish _cSRHU |
||
| 082 |
_223rd _a618.32 |
||
| 245 |
_aRemington & Klein Infectious Diseases of the Fetus & Newborn Infant _cMaldonado, Yvonne A. |
||
| 250 | _a9th | ||
| 260 |
_a Phildelphia _bElsevier _c2025 |
||
| 300 |
_a1177p _c26cm |
||
| 942 |
_2ddc _cNEO-NATAL _e9th |
||
| 999 |
_c19290 _d19290 |
||